[Event "31st 4NCL Congress"]
[Site "Harrogate, North Yorkshire, ENG"]
[Date "2024.01.21"]
[Round "4.14"]
[White "Siu, Kam Wa"]
[Black "Ashcroft, Graham J"]
[Result "0-1"]
[WhiteElo "1795"]
[BlackElo "1854"]
[PlyCount "90"]
[EventDate "2024.01.19"]

1. e4 e6 2. b3 d5 3. Bb2 dxe4 4. Nc3 Nf6 5. Qe2 Be7 6. Nxe4 Nc6 7. O-O-O O-O 8.
Nf3 b6 9. g3 Bb7 10. d3 a5 11. Bg2 a4 12. Nc3 axb3 13. cxb3 Ba3 14. d4 Nd5 15.
Kb1 Bxb2 16. Qxb2 Ncb4 17. a3 Nxc3+ 18. Qxc3 Nd5 19. Qb2 Qd6 20. a4 Ra7 21.
Rhg1 Qb4 22. Rc1 b5 23. Nd2 bxa4 24. Rc4 Qb5 25. bxa4 Qxb2+ 26. Kxb2 Rfa8 27.
Nb3 Rxa4 28. Rxa4 Rxa4 29. Rc1 Rb4 30. Ka3 Rb6 31. Nc5 Bc6 32. Bxd5 Bxd5 33.
Nd7 Ra6+ 34. Kb4 c6 35. Rc2 f6 36. Kc5 Kf7 37. Kd6 c5+ 38. Kc7 cxd4 39. Nb6 Ra2
40. Rc5 Bf3 41. Kd6 d3 42. Rc7+ Kg6 43. Nd7 d2 44. Nf8+ Kh6 45. Kxe6 d1=Q 0-1

[Event "31st 4NCL Congress"]
[Site "Harrogate, North Yorkshire, ENG"]
[Date "2024.01.21"]
[Round "4.15"]
[White "Sharkey, Gary"]
[Black "Li, Xiaofan"]
[Result "0-1"]
[WhiteElo "1707"]
[BlackElo "1847"]
[PlyCount "60"]
[EventDate "2024.01.19"]

1. d4 d5 2. e4 dxe4 3. Nc3 Bf5 4. f3 Nf6 5. fxe4 Nxe4 6. Qf3 Nxc3 7. Qxf5 Nd5
8. Bd3 e6 9. Qf2 Nd7 10. Ne2 Nb4 11. O-O Nf6 12. Be4 Qd7 13. Bxb7 Rb8 14. Bf3
Nxc2 15. Rb1 Be7 16. Bd2 Nb4 17. Bxb4 Rxb4 18. Rbc1 O-O 19. b3 Bd6 20. Kh1 a5
21. Bc6 Qd8 22. h3 Nh5 23. g4 Nf6 24. Nc3 Be7 25. Rcd1 Qd6 26. Bf3 Nd5 27. Ne4
Qf4 28. Rd3 Qh6 29. Be2 a4 30. Rg3 Bh4 0-1

[Event "31st 4NCL Congress"]
[Site "Harrogate, North Yorkshire, ENG"]
[Date "2024.01.21"]
[Round "4.16"]
[White "O'Gorman, Brendan"]
[Black "Hall, David G"]
[Result "1/2-1/2"]
[WhiteElo "1843"]
[BlackElo "1763"]
[PlyCount "67"]
[EventDate "2024.01.19"]

1. d4 g6 2. e4 Bg7 3. c3 c6 4. Bd3 d5 5. e5 Nh6 6. Nf3 Bg4 7. O-O O-O 8. Nbd2
c5 9. h3 Bxf3 10. Nxf3 cxd4 11. cxd4 e6 12. Bg5 Qd7 13. Qd2 Nf5 14. Bxf5 exf5
15. Rfe1 Nc6 16. Bh6 Nd8 17. Bxg7 Kxg7 18. Rac1 Ne6 19. Rc2 Rfc8 20. Rec1 h6
21. Qb4 Rxc2 22. Rxc2 Rc8 23. Qb3 Rxc2 24. Qxc2 Qc6 25. Qd2 b5 26. b3 Qc7 27.
a4 bxa4 28. bxa4 Qc4 29. a5 a6 30. Qb2 g5 31. Qb6 Qc1+ 32. Kh2 Qf4+ 33. Kg1
Qc1+ 34. Kh2 1/2-1/2

[Event "31st 4NCL Congress"]
[Site "Harrogate, North Yorkshire, ENG"]
[Date "2024.01.21"]
[Round "4.17"]
[White "David, Barry AH"]
[Black "Webb, Nicholas"]
[Result "0-1"]
[WhiteElo "1658"]
[BlackElo "1837"]
[PlyCount "80"]
[EventDate "2024.01.19"]

1. e4 c5 2. Nf3 e6 3. d4 cxd4 4. Nxd4 Nf6 5. Nc3 Nc6 6. Be3 Bb4 7. f3 d5 8.
Nxc6 bxc6 9. e5 Nd7 10. f4 O-O 11. Be2 Qa5 12. Bd2 f6 13. a3 Be7 14. Ne4 Qb6
15. exf6 Nxf6 16. Nxf6+ Bxf6 17. Rb1 e5 18. Bb4 Re8 19. f5 Bxf5 20. Rf1 Bg6 21.
Bh5 Bxh5 22. Qxh5 a5 23. Bd2 Rf8 24. Qe2 Bh4+ 25. g3 Rxf1+ 26. Kxf1 Rf8+ 27.
Kg2 Bf6 28. b3 e4 29. Bf4 c5 30. Rd1 Qc6 31. a4 Re8 32. Kg1 d4 33. Qc4+ Kh8 34.
Re1 e3 35. Qe2 g5 36. Bxg5 Bxg5 37. Qh5 Qg6 38. Qf3 Bh6 39. Re2 Rf8 40. Qd5 Qf5
0-1

[Event "31st 4NCL Congress"]
[Site "Harrogate, North Yorkshire, ENG"]
[Date "2024.01.21"]
[Round "4.18"]
[White "Wheeler, Tim"]
[Black "Winter, Kevin"]
[Result "1/2-1/2"]
[WhiteElo "1831"]
[BlackElo "1732"]
[PlyCount "54"]
[EventDate "2024.01.19"]

1. e4 d6 2. d4 Nf6 3. Nc3 Nbd7 4. f4 e5 5. Nf3 exd4 6. Qxd4 c6 7. Be3 d5 8.
exd5 Bc5 9. Qd3 Qe7 10. Kd2 Qxe3+ 11. Qxe3+ Bxe3+ 12. Kxe3 cxd5 13. Kd4 O-O 14.
a4 a6 15. Bd3 Nb8 16. Ne5 Rd8 17. h3 Nc6+ 18. Nxc6 bxc6 19. Kc5 d4 20. Ne4 Rd5+
21. Kxc6 Be6 22. Nxf6+ gxf6 23. f5 Rc8+ 24. Kb7 Rdc5 25. Be4 Bd7 26. Kb6 Re5
27. Bb7 Rxc2 1/2-1/2

[Event "31st 4NCL Congress"]
[Site "Harrogate, North Yorkshire, ENG"]
[Date "2024.01.21"]
[Round "4.20"]
[White "Macphail, Kieran"]
[Black "Gallagher, Dominic"]
[Result "1-0"]
[WhiteElo "1820"]
[BlackElo "1720"]
[PlyCount "80"]
[EventDate "2024.01.19"]

1. e4 e5 2. Nf3 Nc6 3. Nc3 Nf6 4. d4 exd4 5. Nxd4 Bb4 6. Nxc6 bxc6 7. Bd3 d5 8.
exd5 cxd5 9. O-O O-O 10. h3 c6 11. Qf3 Qc7 12. Bf4 Bd6 13. Ne2 Rb8 14. b3 Bxf4
15. Qxf4 Qxf4 16. Nxf4 Re8 17. Rfe1 Bd7 18. c4 Rxe1+ 19. Rxe1 g5 20. Ne2 Re8
21. Kf1 Ne4 22. Bxe4 dxe4 23. Rd1 Re7 24. Rd6 f5 25. Nd4 Kf7 26. Nxc6 Bxc6 27.
Rxc6 Rd7 28. Ke2 h5 29. Rh6 h4 30. Rh7+ Ke6 31. Rxd7 Kxd7 32. Ke3 Kc6 33. f3
exf3 34. Kxf3 Kc5 35. Ke3 a6 36. Kd3 a5 37. a3 g4 38. Ke3 a4 39. bxa4 Kxc4 40.
Kf4 gxh3 1-0

[Event "31st 4NCL Congress"]
[Site "Harrogate, North Yorkshire, ENG"]
[Date "2024.01.21"]
[Round "4.21"]
[White "Patrick, David A"]
[Black "Mottram, Paul"]
[Result "1/2-1/2"]
[WhiteElo "1800"]
[BlackElo "1674"]
[PlyCount "106"]
[EventDate "2024.01.19"]

1. e4 c6 2. d4 d5 3. exd5 cxd5 4. Bd3 Nc6 5. c3 Nf6 6. Bf4 Bg4 7. Nf3 e6 8. h3
Bh5 9. Nbd2 Bd6 10. Bxd6 Qxd6 11. O-O Bg6 12. Bb5 a6 13. Be2 h6 14. Nb3 O-O 15.
Re1 Nd7 16. Bd3 Bxd3 17. Qxd3 b5 18. Rad1 Qc7 19. Nh2 Na5 20. Nxa5 Qxa5 21. a3
Qc7 22. Ng4 Rab8 23. Re3 h5 24. Ne5 Nf6 25. Qe2 g6 26. g4 hxg4 27. hxg4 Kg7 28.
Rh3 Rh8 29. Rxh8 Rxh8 30. Kg2 Ne4 31. Rh1 Rxh1 32. Kxh1 f6 33. Nd3 Qc8 34. Kg2
Qh8 35. Qe3 Qh4 36. Qh3 Qg5 37. f4 Qh6 38. Qxh6+ Kxh6 39. Nc5 f5 40. gxf5 exf5
41. Nxa6 g5 42. fxg5+ Kxg5 43. Nc7 Kg4 44. Nxd5 f4 45. Kg1 Kg3 46. Kf1 Nd2+ 47.
Ke2 Nc4 48. Nxf4 Kxf4 49. b3 Nxa3 50. Kd3 Kf5 51. Kd2 Ke4 52. Kc1 b4 53. cxb4
Kxd4 1/2-1/2

[Event "31st 4NCL Congress"]
[Site "Harrogate, North Yorkshire, ENG"]
[Date "2024.01.21"]
[Round "4.22"]
[White "May, Paul"]
[Black "Freund, Michael P"]
[Result "1-0"]
[WhiteElo "1828"]
[BlackElo "1661"]
[PlyCount "51"]
[EventDate "2024.01.19"]

1. d4 e6 2. c4 d5 3. Nc3 c6 4. e4 dxe4 5. Nxe4 Be7 6. Nf3 Nd7 7. Bd3 Ngf6 8.
Nc3 O-O 9. Qc2 h6 10. g4 Re8 11. g5 hxg5 12. Nxg5 Nf8 13. Be3 Bb4 14. O-O-O
Bxc3 15. Qxc3 b6 16. Qc2 Bb7 17. Rhg1 Qe7 18. Nf3 g6 19. Ne5 Nh5 20. Bh6 Qf6
21. Bxf8 Qf4+ 22. Kb1 Kxf8 23. Bxg6 c5 24. f3 cxd4 25. Nxf7 Bxf3 26. Rdf1 1-0

[Event "31st 4NCL Congress"]
[Site "Harrogate, North Yorkshire, ENG"]
[Date "2024.01.21"]
[Round "4.23"]
[White "Griffin-Young, Sebastian"]
[Black "McKerracher, Douglas"]
[Result "0-1"]
[WhiteElo "1548"]
[BlackElo "1798"]
[PlyCount "66"]
[EventDate "2024.01.19"]

1. c4 f5 2. g3 Nf6 3. Bg2 e6 4. Nf3 d5 5. O-O c6 6. d4 Bd6 7. Nc3 O-O 8. cxd5
exd5 9. Ne5 Qe7 10. Bf4 Nbd7 11. Nd3 Bxf4 12. gxf4 Ne4 13. e3 Rf6 14. Qe2 Rh6
15. Ne5 Qh4 16. h3 Ndf6 17. Nf3 Qh5 18. Ne5 Qe8 19. Rfe1 Be6 20. f3 Nd6 21. Qf1
Qh5 22. Nd3 Rf8 23. Nc5 Bc8 24. Nd3 Kh8 25. Ne2 g5 26. Ng3 Qg6 27. Ne5 Qg7 28.
Ne2 Rg8 29. Kf2 g4 30. Qh1 gxf3 31. Bxf3 Nfe4+ 32. Bxe4 Nxe4+ 33. Kf3 Qe7 0-1

[Event "31st 4NCL Congress"]
[Site "Harrogate, North Yorkshire, ENG"]
[Date "2024.01.21"]
[Round "4.24"]
[White "Cawston, M John"]
[Black "Wilson, Graham J"]
[Result "1-0"]
[WhiteElo "1770"]
[BlackElo "1785"]
[PlyCount "59"]
[EventDate "2024.01.19"]

1. c4 Nf6 2. Nc3 e5 3. Nf3 d6 4. g3 Be7 5. Bg2 O-O 6. O-O c6 7. h3 Re8 8. d3 a5
9. Bg5 Nbd7 10. Qc2 Nf8 11. d4 exd4 12. Nxd4 Ne6 13. Be3 Nxd4 14. Bxd4 Be6 15.
b3 Qd7 16. Kh2 d5 17. Rfd1 Qc8 18. cxd5 cxd5 19. Rac1 Bb4 20. Rb1 Bf5 21. Qd2
Bxb1 22. Bxf6 Bg6 23. Nxd5 Qb8 24. Qd4 Bf8 25. e4 Ra6 26. Bg5 Rc6 27. f4 f6 28.
Bh4 Bc5 29. Qd3 Rd8 30. Nxf6+ 1-0

[Event "31st 4NCL Congress"]
[Site "Harrogate, North Yorkshire, ENG"]
[Date "2024.01.21"]
[Round "4.25"]
[White "Chester, Ian B"]
[Black "Cooper, Malcolm H"]
[Result "1/2-1/2"]
[WhiteElo "1728"]
[BlackElo "1778"]
[PlyCount "51"]
[EventDate "2024.01.19"]

1. e4 c5 2. Nf3 Nc6 3. d4 cxd4 4. Nxd4 Nf6 5. Nc3 e5 6. Ndb5 d6 7. Bg5 a6 8.
Na3 b5 9. Nd5 Be7 10. Bxf6 Bxf6 11. c3 Rb8 12. Nc2 Bg5 13. Ncb4 Nxb4 14. Nxb4
Bd7 15. Nd5 O-O 16. g3 Bc8 17. h4 Bh6 18. Be2 a5 19. O-O Be6 20. Bg4 Qd7 21.
Bxe6 fxe6 22. Qg4 Rf7 23. Ne3 Bxe3 24. fxe3 Rbf8 25. Qe2 Qc6 26. Rxf7 1/2-1/2

[Event "31st 4NCL Congress"]
[Site "Harrogate, North Yorkshire, ENG"]
[Date "2024.01.21"]
[Round "4.27"]
[White "Bielby, Paul R"]
[Black "Stone, Ian C"]
[Result "1-0"]
[WhiteElo "1908"]
[BlackElo "1705"]
[PlyCount "95"]
[EventDate "2024.01.19"]

1. e4 e5 2. f4 d6 3. Bc4 Nf6 4. Nc3 Be7 5. Nf3 O-O 6. O-O Nc6 7. d4 exd4 8.
Nxd4 a6 9. h3 Bd7 10. a4 Nxd4 11. Qxd4 b6 12. Kh1 Bc6 13. Bd2 Qd7 14. Rae1 b5
15. axb5 axb5 16. Bb3 Bb7 17. Qe3 Rfe8 18. Qd3 b4 19. Nd5 Nxd5 20. Bxd5 Bxd5
21. Qxd5 c6 22. Qd3 Qb7 23. b3 Ra5 24. Ra1 Rea8 25. Rxa5 Rxa5 26. Be3 d5 27. e5
Qa6 28. Rd1 Ra1 29. Qxa6 Rxa6 30. g4 Ra2 31. Rd2 h6 32. Kg2 Bh4 33. Bc5 Be1 34.
Re2 Bc3 35. Kf3 g6 36. f5 gxf5 37. gxf5 Ra1 38. e6 fxe6 39. fxe6 Re1 40. Rxe1
Bxe1 41. Kf4 Bc3 42. Kf5 Kg7 43. Bd6 Bd2 44. h4 Be1 45. h5 Bd2 46. Be7 Bc3 47.
Bc5 Kg8 48. Kg6 1-0

[Event "31st 4NCL Congress"]
[Site "Harrogate, North Yorkshire, ENG"]
[Date "2024.01.21"]
[Round "4.28"]
[White "Tarbuck, Laurence JM"]
[Black "Rughani, Mahin"]
[Result "1/2-1/2"]
[WhiteElo "1708"]
[BlackElo "1814"]
[PlyCount "57"]
[EventDate "2024.01.19"]

1. Nf3 c6 2. g3 d5 3. Bg2 Nf6 4. O-O Bf5 5. d3 Nbd7 6. Nbd2 e5 7. Nh4 Bg4 8.
Qe1 Bd6 9. e4 dxe4 10. Nxe4 Nxe4 11. dxe4 O-O 12. Be3 Nf6 13. f3 Be6 14. Rd1
Qc7 15. b3 Rfd8 16. Rf2 a5 17. c3 c5 18. c4 a4 19. Qc3 axb3 20. axb3 Ra3 21.
Bc1 Raa8 22. Nf5 Bf8 23. Rfd2 Rxd2 24. Rxd2 Rd8 25. Ne3 Rxd2 26. Qxd2 Qd6 27.
Nd5 Nd7 28. Qa5 Nb8 29. Kf2 1/2-1/2

[Event "31st 4NCL Congress"]
[Site "Harrogate, North Yorkshire, ENG"]
[Date "2024.01.21"]
[Round "4.29"]
[White "Meredith, Daniel"]
[Black "Farahmandpour, Ehsan"]
[Result "0-1"]
[WhiteElo "1778"]
[BlackElo "1654"]
[PlyCount "118"]
[EventDate "2024.01.19"]

1. e4 c6 2. d4 d5 3. e5 c5 4. dxc5 Nc6 5. Bb5 e6 6. Be3 Nge7 7. Nf3 Qa5+ 8. Nc3
Bd7 9. Bxc6 Nxc6 10. a3 Qc7 11. Nb5 Qa5+ 12. Nc3 Qc7 13. Bf4 Bxc5 14. b4 Nxb4
15. O-O Na6 16. Qd3 Be7 17. Rfb1 O-O 18. Nb5 Bxb5 19. Rxb5 Nc5 20. Qc3 b6 21.
a4 Rac8 22. a5 Ne4 23. Qxc7 Rxc7 24. axb6 axb6 25. Rb2 Rfc8 26. Nd4 h6 27. f3
Bc5 28. Be3 Bxd4 29. Bxd4 Nd2 30. c3 Nc4 31. Rb3 Rb7 32. Kf2 Nd2 33. Rb2 Nc4
34. Rb3 Kf8 35. Ke2 Ke8 36. Kd3 Kd7 37. Ra6 Rcb8 38. Rb1 Kc6 39. Ra4 Kd7 40.
Ra6 Ke7 41. f4 Kd7 42. Rb3 g5 43. g3 Kc6 44. Ra1 gxf4 45. gxf4 Rg8 46. Rg1 Rxg1
47. Bxg1 Rb8 48. Be3 Rg8 49. Rb1 Rg2 50. Rh1 h5 51. Bc1 Kc5 52. Be3+ Nxe3 53.
Kxe3 Kc4 54. Rb1 b5 55. Rb4+ Kc5 56. Kd3 Rxh2 57. Rb1 Rh3+ 58. Kd2 h4 59. Kc2
Rf3 0-1

[Event "31st 4NCL Congress"]
[Site "Harrogate, North Yorkshire, ENG"]
[Date "2024.01.21"]
[Round "4.30"]
[White "Holi, Siefaldin A"]
[Black "Corcoran, Gary"]
[Result "1-0"]
[WhiteElo "1706"]
[BlackElo "1796"]
[PlyCount "90"]
[EventDate "2024.01.19"]

1. d3 f5 2. Nf3 Nc6 3. g3 e5 4. Bg2 d5 5. O-O Nf6 6. c3 Bd6 7. b4 e4 8. Nd4
Nxd4 9. cxd4 O-O 10. a3 Bd7 11. Bg5 Qe8 12. Bxf6 Rxf6 13. e3 a6 14. Nc3 g5 15.
Re1 Qf7 16. Ne2 f4 17. exf4 gxf4 18. Nxf4 Bxf4 19. gxf4 Qg7 20. Re3 Rg6 21. Rg3
Rxg3 22. hxg3 Bg4 23. Qe1 exd3 24. Qe5 Rf8 25. f3 Bf5 26. Qxg7+ Kxg7 27. Rd1
Re8 28. Bf1 d2 29. Rxd2 Re1 30. Kf2 Ra1 31. Bd3 Bxd3 32. Rxd3 Kf6 33. Re3 Kf7
34. g4 Ra2+ 35. Kg3 Ra1 36. Rd3 Re1 37. f5 Kf6 38. Kf4 h6 39. Rd2 Ra1 40. Rh2
Rxa3 41. Rxh6+ Kg7 42. g5 c5 43. bxc5 a5 44. Rb6 a4 45. Rxb7+ Kf8 1-0

[Event "31st 4NCL Congress"]
[Site "Harrogate, North Yorkshire, ENG"]
[Date "2024.01.21"]
[Round "5.1"]
[White "Stokes, Mike R"]
[Black "Gibbs, Dominic V"]
[Result "0-1"]
[WhiteElo "1960"]
[BlackElo "1927"]
[PlyCount "112"]
[EventDate "2024.01.19"]

1. e4 Nf6 2. e5 Nd5 3. Nf3 d6 4. d4 dxe5 5. dxe5 Nc6 6. Nc3 Nxc3 7. Qxd8+ Nxd8
8. bxc3 Bg4 9. Nd4 Ne6 10. Rb1 O-O-O 11. f3 Nxd4 12. cxd4 Bf5 13. Be3 Bxc2 14.
Rb2 Ba4 15. Bb5 Bxb5 16. Rxb5 e6 17. Ke2 Rd5 18. Rhb1 Rxb5 19. Rxb5 Be7 20. g4
h5 21. gxh5 Rxh5 22. Bf4 Rh8 23. Ke3 Rd8 24. Ke4 b6 25. Rb2 Rd5 26. Be3 Kb7 27.
f4 g6 28. Rf2 Ra5 29. h4 c5 30. dxc5 Bxc5 31. Bxc5 Rxc5 32. Rh2 Rc4+ 33. Kf3 b5
34. h5 gxh5 35. Rxh5 a5 36. Rh7 Rc7 37. f5 b4 38. Kf4 Kc6 39. Rh8 a4 40. Re8
exf5 41. Kxf5 b3 42. axb3 axb3 43. Rb8 Rb7 44. Rc8+ Kd7 45. Rc1 b2 46. Rb1 Ke7
47. Ke4 Ke6 48. Kd4 Rb8 49. Kc3 Kxe5 50. Rxb2 Rxb2 51. Kxb2 Kd4 52. Kc1 Ke3 53.
Kd1 Kf2 54. Kd2 f5 55. Kd3 f4 56. Kd2 f3 0-1

[Event "31st 4NCL Congress"]
[Site "Harrogate, North Yorkshire, ENG"]
[Date "2024.01.21"]
[Round "5.2"]
[White "Obi, Okwose Marc"]
[Black "Howorth, Jack"]
[Result "1-0"]
[WhiteElo "1901"]
[BlackElo "1691"]
[PlyCount "77"]
[EventDate "2024.01.19"]

1. e4 c5 2. c4 Nc6 3. Nc3 Nf6 4. g3 e6 5. Bg2 Be7 6. Nge2 O-O 7. d4 cxd4 8.
Nxd4 Qb6 9. Nxc6 dxc6 10. O-O e5 11. h3 Be6 12. b3 Rfd8 13. Qc2 Rd7 14. Be3 Qa5
15. Rfd1 Rad8 16. Rxd7 Rxd7 17. Rd1 Rxd1+ 18. Nxd1 Ne8 19. Kh2 Nc7 20. Qd2 Qxd2
21. Bxd2 Bc5 22. Be3 Bd4 23. f4 f6 24. f5 Bd7 25. Kg1 b5 26. Bf1 a6 27. Kf2 Kf7
28. b4 g6 29. g4 a5 30. cxb5 axb4 31. Bxd4 exd4 32. b6 Bc8 33. bxc7 Ke7 34. Bc4
Kd6 35. Be6 Kxc7 36. Bxc8 Kxc8 37. Ke2 Kd7 38. fxg6 hxg6 39. Kd3 1-0

[Event "31st 4NCL Congress"]
[Site "Harrogate, North Yorkshire, ENG"]
[Date "2024.01.21"]
[Round "5.3"]
[White "Ashton, Alannah"]
[Black "Elgar, Tim"]
[Result "0-1"]
[WhiteElo "1849"]
[BlackElo "1980"]
[PlyCount "108"]
[EventDate "2024.01.19"]

1. e4 c5 2. Nf3 Nc6 3. d4 cxd4 4. Nxd4 g6 5. c4 Bg7 6. Be3 Qb6 7. Nb3 Qd8 8.
Qd2 Nf6 9. f3 O-O 10. Nc3 d6 11. Be2 a5 12. Na4 Nd7 13. O-O b6 14. Bh6 Nc5 15.
Nbxc5 bxc5 16. Bxg7 Kxg7 17. f4 Nd4 18. Bd3 f5 19. Rae1 Ra7 20. Nc3 a4 21. Ne2
Nxe2+ 22. Rxe2 fxe4 23. Bxe4 Bb7 24. f5 Rf6 25. Rf3 Bxe4 26. Rxe4 gxf5 27. Qg5+
Rg6 28. Qxf5 e5 29. Rh4 Qe7 30. Rfh3 Kg8 31. Rg4 Qe8 32. Rxg6+ hxg6 33. Qf6 Rh7
34. Rg3 Rg7 35. Qxd6 e4 36. Qd5+ Kh8 37. Qd2 g5 38. h4 g4 39. Qf4 Qe6 40. h5
Qxc4 41. h6 Rg6 42. Kh2 Qe6 43. Qf8+ Kh7 44. Kg1 e3 45. Qxc5 e2 46. Qc7+ Kxh6
47. Qc1+ Kh5 48. Re3 Qb6 49. Kh2 Re6 50. Rxe6 Qxe6 51. Qc5+ Kg6 52. Qc2+ Kf6
53. Qxa4 Qe5+ 54. g3 e1=Q 0-1

[Event "31st 4NCL Congress"]
[Site "Harrogate, North Yorkshire, ENG"]
[Date "2024.01.21"]
[Round "5.4"]
[White "Leigh, Dominic"]
[Black "Middleton, Tom"]
[Result "1/2-1/2"]
[WhiteElo "1687"]
[BlackElo "1974"]
[PlyCount "38"]
[EventDate "2024.01.19"]

1. d4 Nf6 2. c4 g6 3. Nf3 Bg7 4. g3 O-O 5. Bg2 d6 6. O-O Nbd7 7. Nc3 e5 8. e4
exd4 9. Nxd4 a5 10. h3 Nc5 11. Kh2 Re8 12. Re1 Nfd7 13. Be3 Ne5 14. Qe2 c6 15.
Rad1 a4 16. f4 Ned7 17. Qc2 Qa5 18. Nce2 Nf6 19. Nc3 Nfd7 1/2-1/2

[Event "31st 4NCL Congress"]
[Site "Harrogate, North Yorkshire, ENG"]
[Date "2024.01.21"]
[Round "5.5"]
[White "Nield, Christopher"]
[Black "Cuaresma, Gerald"]
[Result "1/2-1/2"]
[WhiteElo "1437"]
[BlackElo "1929"]
[PlyCount "42"]
[EventDate "2024.01.19"]

1. e4 d6 2. d4 Nf6 3. Nc3 g6 4. f4 Bg7 5. Nf3 O-O 6. Be2 c5 7. Be3 b5 8. Bxb5
Qa5 9. Bd3 c4 10. Bxc4 Nxe4 11. Bd2 Nxd2 12. Qxd2 Bb7 13. O-O Nc6 14. Bb5 Nxd4
15. Nxd4 Qb6 16. Kh1 Bxd4 17. Rab1 Bxc3 18. bxc3 e6 19. Bd3 Qc6 20. f5 exf5 21.
Bxf5 Qc7 1/2-1/2

[Event "31st 4NCL Congress"]
[Site "Harrogate, North Yorkshire, ENG"]
[Date "2024.01.21"]
[Round "5.7"]
[White "Webb, Nicholas"]
[Black "Hall, James"]
[Result "1-0"]
[WhiteElo "1837"]
[BlackElo "1969"]
[PlyCount "65"]
[EventDate "2024.01.19"]

1. Nf3 e5 2. Nxe5 Nc6 3. Nxc6 dxc6 4. d4 Bf5 5. Bf4 g5 6. Bg3 Bg7 7. c3 Qd7 8.
Nd2 O-O-O 9. e4 Bxe4 10. Nxe4 Re8 11. f3 f5 12. Bd3 fxe4 13. fxe4 c5 14. O-O
cxd4 15. e5 Nh6 16. Qb3 Bxe5 17. Bxe5 Rxe5 18. Rf6 Ng4 19. Rf7 Qd6 20. g3 Qh6
21. Rxh7 Qf6 22. Rf1 Re1 23. Rxh8+ Qxh8 24. Bf5+ Kb8 25. Bxg4 Qe8 26. Rxe1
Qxe1+ 27. Kg2 Qd2+ 28. Kh3 a6 29. Bf3 c6 30. Bxc6 g4+ 31. Kxg4 b5 32. Qf7 Qe2+
33. Bf3 1-0

[Event "31st 4NCL Congress"]
[Site "Harrogate, North Yorkshire, ENG"]
[Date "2024.01.21"]
[Round "5.8"]
[White "Macphail, Kieran"]
[Black "Vickery, Jim E"]
[Result "1/2-1/2"]
[WhiteElo "1820"]
[BlackElo "1885"]
[PlyCount "42"]
[EventDate "2024.01.19"]

1. e4 Nf6 2. e5 Nd5 3. d4 d6 4. c4 Nb6 5. exd6 cxd6 6. Nc3 g6 7. Be3 Bg7 8. Rc1
O-O 9. b3 e5 10. Nf3 Nc6 11. Be2 Bg4 12. dxe5 dxe5 13. c5 Nc8 14. O-O N8e7 15.
h3 Bxf3 16. Bxf3 f5 17. Qxd8 Raxd8 18. Bg5 Bf6 19. Bxf6 Rxf6 20. Rfd1 Rff8 21.
Rxd8 Rxd8 1/2-1/2

[Event "31st 4NCL Congress"]
[Site "Harrogate, North Yorkshire, ENG"]
[Date "2024.01.21"]
[Round "5.9"]
[White "Billenness, Greg"]
[Black "Kane, Robert"]
[Result "0-1"]
[WhiteElo "1874"]
[BlackElo "1847"]
[PlyCount "88"]
[EventDate "2024.01.19"]

1. d4 Nf6 2. Nc3 d5 3. e4 dxe4 4. Bg5 Bf5 5. f3 e3 6. Bxe3 e6 7. Bc4 Be7 8.
Nge2 Nbd7 9. Qd2 Nb6 10. Bb3 a5 11. a3 a4 12. Ba2 Nfd5 13. Bf2 Nxc3 14. Nxc3
Nd5 15. Ne4 O-O 16. O-O c6 17. Rad1 Nf6 18. Qe2 Qa5 19. Kh1 Bg6 20. Nc5 b6 21.
Nxe6 fxe6 22. Qxe6+ Bf7 23. Qxe7 Bxa2 24. Bg3 Rfe8 25. Qc7 Qb5 26. Be5 Bf7 27.
Rde1 Nd5 28. Qd7 Rad8 29. Qg4 Bg6 30. f4 c5 31. h4 Qd7 32. Qg5 Qf5 33. Qg3 c4
34. Kg1 h5 35. Rf3 Kh7 36. Qf2 Qxc2 37. Re2 Qb1+ 38. Kh2 Qf5 39. Rg3 Nf6 40.
Qe1 Ng4+ 41. Kh1 Qb1 42. Rf3 Qxe1+ 43. Rxe1 Rxd4 44. Rc1 Nxe5 0-1

[Event "31st 4NCL Congress"]
[Site "Harrogate, North Yorkshire, ENG"]
[Date "2024.01.21"]
[Round "5.11"]
[White "Waters, Andrew C"]
[Black "May, Paul"]
[Result "0-1"]
[WhiteElo "1920"]
[BlackElo "1828"]
[PlyCount "102"]
[EventDate "2024.01.19"]

1. e4 c5 2. a3 e6 3. b4 cxb4 4. Nf3 d5 5. Bb5+ Bd7 6. Bxd7+ Qxd7 7. exd5 Qxd5
8. O-O Nf6 9. axb4 Bxb4 10. c3 Be7 11. Qa4+ b5 12. Qd4 Nc6 13. Qe3 O-O 14. h3
a5 15. Na3 Rfb8 16. d4 Bxa3 17. Bxa3 b4 18. cxb4 axb4 19. Bb2 b3 20. Nd2 Na5
21. Rfc1 Rc8 22. Rc3 h6 23. Nxb3 Nc4 24. Rxa8 Rxa8 25. Qc1 Nxb2 26. Qxb2 Ne4
27. Rd3 Rb8 28. Qc2 g6 29. f3 Ng3 30. Nc5 Nf5 31. Ne4 Qa5 32. Qc1 Kg7 33. Nc5
Qa2 34. Qf4 Rb1+ 35. Kh2 Qa1 36. Nxe6+ Kg8 37. Rd1 fxe6 38. Rxb1 Qxb1 39. Qe5
Qb3 40. Qf6 Kh7 41. Qf7+ Ng7 42. h4 Qd5 43. g4 Qxd4 44. h5 gxh5 45. gxh5 Qh4+
46. Kg2 Qxh5 47. Qb7 Qg5+ 48. Kf2 h5 49. Qb1+ Qg6 50. Qc1 h4 51. Qf4 Qg3+ 0-1

[Event "31st 4NCL Congress"]
[Site "Harrogate, North Yorkshire, ENG"]
[Date "2024.01.21"]
[Round "5.12"]
[White "McKerracher, Douglas"]
[Black "Towers, Brian"]
[Result "0-1"]
[WhiteElo "1798"]
[BlackElo "1864"]
[PlyCount "47"]
[EventDate "2024.01.19"]

1. e4 d6 2. Nc3 Nf6 3. g3 e5 4. Bg2 Nc6 5. Nf3 Nd4 6. h3 Be7 7. d3 O-O 8. Nxd4
exd4 9. Ne2 c5 10. O-O Qc7 11. Bg5 h6 12. Bxf6 Bxf6 13. Nf4 Qd7 14. Nd5 Bd8 15.
Qh5 Rb8 16. f4 b6 17. f5 Bb7 18. f6 Bxd5 19. fxg7 Kxg7 20. exd5 Bg5 21. Rf3
Rbe8 22. h4 Be3+ 23. Kh2 Re5 24. Bf1 0-1

[Event "31st 4NCL Congress"]
[Site "Harrogate, North Yorkshire, ENG"]
[Date "2024.01.21"]
[Round "5.13"]
[White "Mottram, Paul"]
[Black "O'Gorman, Brendan"]
[Result "1/2-1/2"]
[WhiteElo "1674"]
[BlackElo "1843"]
[PlyCount "30"]
[EventDate "2024.01.19"]

1. d4 d5 2. c4 e6 3. Nc3 a6 4. cxd5 exd5 5. Nf3 h6 6. Bf4 Nf6 7. h3 Bd6 8. Bxd6
Qxd6 9. e3 Bf5 10. Qb3 Nc6 11. Be2 O-O 12. O-O b5 13. Qd1 Rfe8 14. Rc1 Ne4 15.
Nxe4 Bxe4 1/2-1/2

[Event "31st 4NCL Congress"]
[Site "Harrogate, North Yorkshire, ENG"]
[Date "2024.01.21"]
[Round "5.14"]
[White "Butterworth, Paul"]
[Black "Patrick, David A"]
[Result "1/2-1/2"]
[WhiteElo "1832"]
[BlackElo "1800"]
[PlyCount "89"]
[EventDate "2024.01.19"]

1. d4 d5 2. Nf3 Nf6 3. c4 c6 4. Nc3 e6 5. e3 Be7 6. Bd3 O-O 7. O-O Nbd7 8. Qe2
c5 9. Rd1 Qc7 10. cxd5 exd5 11. Bd2 c4 12. Bc2 a6 13. Rac1 b5 14. e4 Nb6 15. e5
Ne8 16. Ng5 Bxg5 17. Bxg5 g6 18. Bh6 Ng7 19. Qf3 Re8 20. g4 Qe7 21. Nxd5 Nxd5
22. Be4 Bb7 23. Bxg7 Kxg7 24. Bxd5 Bxd5 25. Qxd5 Qb4 26. Rc2 Rad8 27. Qf3 Qa4
28. b3 Qb4 29. Qf6+ Kg8 30. d5 c3 31. h3 Qe4 32. Rxc3 Rxd5 33. Rxd5 Qxd5 34.
Re3 Re6 35. Qf4 Rc6 36. Qf3 Qxf3 37. Rxf3 Rc2 38. a4 bxa4 39. bxa4 Rc4 40. Ra3
g5 41. f3 Kf8 42. h4 gxh4 43. Kg2 Kg7 44. Kh3 h5 45. Kxh4 1/2-1/2

[Event "31st 4NCL Congress"]
[Site "Harrogate, North Yorkshire, ENG"]
[Date "2024.01.21"]
[Round "5.15"]
[White "Hall, David G"]
[Black "Wheeler, Tim"]
[Result "1/2-1/2"]
[WhiteElo "1763"]
[BlackElo "1831"]
[PlyCount "43"]
[EventDate "2024.01.19"]

1. d4 g6 2. c4 Bg7 3. Nf3 Nf6 4. g3 O-O 5. Bg2 d6 6. Nc3 Nc6 7. O-O e5 8. dxe5
Nxe5 9. Nxe5 dxe5 10. Qxd8 Rxd8 11. Bg5 Re8 12. Rad1 c6 13. Rd2 h6 14. Be3 Be6
15. b3 Bf8 16. h3 Bb4 17. Rc2 Kg7 18. Rcc1 Nd7 19. g4 a5 20. Rfd1 Bc5 21. Bxc5
Nxc5 22. Ne4 1/2-1/2

[Event "31st 4NCL Congress"]
[Site "Harrogate, North Yorkshire, ENG"]
[Date "2024.01.21"]
[Round "5.16"]
[White "Jones, Neil T"]
[Black "Cawston, M John"]
[Result "1/2-1/2"]
[WhiteElo "1824"]
[BlackElo "1770"]
[PlyCount "52"]
[EventDate "2024.01.19"]

1. e4 e6 2. d4 d5 3. Nd2 Nf6 4. e5 Nfd7 5. Bd3 c5 6. c3 Nc6 7. Ne2 Qb6 8. Nf3
cxd4 9. cxd4 f6 10. exf6 Nxf6 11. O-O Bd6 12. Re1 O-O 13. Nc3 a6 14. a3 Bd7 15.
Bg5 Rae8 16. h3 Kh8 17. Bc2 Qc7 18. Qd3 Rf7 19. Re2 Bf4 20. Bxf4 Qxf4 21. Ne5
Nxe5 22. dxe5 Ne4 23. a4 Bc6 24. Nxe4 dxe4 25. Qe3 Qxe5 26. Bxe4 Bxe4 1/2-1/2